00722nam a2200229Ia 4500001000600000003000900006008004100015040001300056040001300069041001300082100002200095100002900117245008700146245004900233250001100282260001100293260002100304260004900325300005900374650002800433650003100461 1769IT-RoPAU130308s9999 xx 000 0 und d aIT-RoPAU cIT-RoPAU aITALIANO aPolverini Leandro gCodice Aut. SPICS: 2436 aStoriografia e propaganda-La crisi del III secolo nella storiografia latina del IV bCanali della propaganda nel Mondo Antico (I) a1a ed. aMILANO bVita e Pensiero  c1976 [1° Ed.:1976 - Ed.Ling.Originale:1976] a"19 p. (prefazione: no ; testo: 19 [pagine: 252-270])" aSTORIA DELLA PROPAGANDA eCodice materia Spics: 6258